000 01471cam a2200409 a 4500
001 20427
003 VRT
005 20260122135348.0
008 240226s1999 xo gr 000 j slo
015 _aSNBA2004/03-02108
020 _a8088834562
035 _aSNK000406351
035 _aurn:nbn:sk:snk-am3itej
035 _aF3FD41FC-EAD1-469A-B556-0FD267D954C6
035 _aurn:nbn:sk:snk-am00fhms
039 9 _a202402261710
_bVLOAD
_c202205110850
_dVLOAD
_c202109061601
_dVLOAD
_c202108271605
_dVLOAD
040 _aSNK
_bslo
_cSNK
_eAACR2
041 0 _aslo
044 _axo
_cSK
072 7 _a821.162.4-3
_xSlovenská próza
_2konspekt
080 _a821.162.4-32
_22011
100 0 _aTimrava,
_d1867-1951
_4aut
245 1 0 _aSkúsenosť
_bvybrané poviedky
_cBožena Slančíková Timrava
260 _aRohovce
_bInterpopulart Slovakia
_c[1999]
300 _a103 strán
_c21 cm
490 1 _aPopulart. Slovenská realistická literatúra
490 1 _aŠtudentská knižnica
_v57.
655 7 _aslovenské poviedky
_2SNKPH
830 0 _aPopulart
_pSlovenská realistická literatúra
830 0 _aŠtudentská knižnica
910 _asnk
942 _2ddc
_cKLDO
_n0
949 _6270001000048004
_asvkbbA 94680
_p612.591
949 _6270001000052549
_asvkbbA 94680-a
_bsvkbbm 612592
_ooéprava väzby
_p612.592
949 _6270001000066124
_asvkbbA 94680
_p613.242
949 _617A0378280
_9P60, <03>, [BOOK], {603}
_asnkSC 111077
_bsnkKSP 3863/2003
_s6100:20210419
999 _c20427
_d20427